แสดงรายละเอียดบรรณานุกรม
  กลับหน้าหลัก

Brief Record : Get Marc (ISO 2709) : E-mail record : QR code ปิดหน้าต่าง
LEADER 00000nama 2200000uu 4500
001    187592
003     ULIBM
008    040531s2539 th m m a000 0 tha d
041    tha
050    วจ WA18 ก451ร 2539
100    โกวิท วิวัฒน์ศรและคณะ
245    รายงานการวิจัยเรื่องการศึกษาเพื่อการพัฒนาเทคโนโลยีการศึกษา 001
260    นนทบุรี ส่วนเทคโนโลยีและพัฒนา สถาบันพระบรมราชชนก 2539
300    217 หน้า
650    สาธารณสุขศาสตร์ - การสอนด้วยอุปกรณ์ - วิจัย
998    1998-03-25
999    ^aใช้งานได้ทุกระบบ
รายการนี้ยังไม่มีแท็ก
คุณยังไม่ได้ล็อกอิน คุณสามารถมีกิจกรรมร่วมกับเว็บไซต์ได้ แต่ต้องล็อกอินก่อน ::
  ล็อกอิน
ลำดับที่ ประเภท เลขเรียก สถานที่ สถานะ
1. งานวิจัย
งานวิจัย
วจ WA18 ก451ร 2539  
  
หนังสือทั่วไป On Shelf
  ขอยืม
2. งานวิจัย
งานวิจัย
วจ WA18 ก451ร 2539  
  
หนังสือทั่วไป On Shelf
  ขอยืม
3. งานวิจัย
งานวิจัย
วจ WA18 ก451ร 2539  
  
หนังสือทั่วไป On Shelf
  ขอยืม
4. งานวิจัย
งานวิจัย
วจ WA18 ก451ร 2539  
  
หนังสือทั่วไป On Shelf
  ขอยืม
   [แสดง 4/4 รายการ]

BibComment


ยังไม่เคยถูกคอมเมนท์

คอมเมนท์ทรัพยากรรายการนี้
  คอมเมนท์: รายงานการวิจัยเรื..
Bib 187592

 
 
 

 Union Library Management : ULibM
Copyright 2026. All Rights Reserved.
скачать бесплатно без регистрации порно красивый секс HD Sex Hindi sex

xxx gou

xxxx

bfxxx

xxxwww

Секса Видео

xxxx

Секса Видео

detube

geilexxx

C99 Shell

worms shell

blod xxx video
Ebony Coed Rihanna Rimes Takes A Dick In Her Young Twat priyaa indian fuck anal and pusssy hardcore indian women xxx desi hardcore fucking part 1 bengalixxxcouple